000 00822cam a2200349 4500
008 090401t1986 xxu||||| |||| 00| 0 eng d
020 _a0406562911
035 _a(Sirsi) u24214
041 _aeng
050 _a340.0942
100 _aCard, Richard
245 _aLaw for estate management students
250 _a2nd ed.
260 _aLondon
_bButterworths
_c1986
300 _axlv,696p. ; 25cm.
350 _a16.95
650 _aANIMALS
650 _aCO-OWNERSHIP
650 _aCONTRACT
650 _aCONVEYANCING
650 _aEASEMENTS
650 _aLAND LAW
650 _aLANDLORD AND TENANT
_96252
650 _aLIABILITY
650 _aNEGLIGENCE
650 _aPROPERTY
650 _aTORT
700 _aMurdoch, John
700 _aSchofield, Peter
942 _n0
948 _c04/03/1997
999 _c88513
_d88513